Online Catalogue and eLibrary

Women, health, and healing : (Record no. 3015)

MARC details
000 -LEADER
fixed length control field 00496nam a2200193Ia 4500
005 - DATE AND TIME OF LATEST TRANSACTION
control field 20240822020703.0
008 - FIXED-LENGTH DATA ELEMENTS--GENERAL INFORMATION
fixed length control field 240331s9999 xx 000 0 und d
020 ## - INTERNATIONAL STANDARD BOOK NUMBER
ISBN 0422780308
082 ## - DDC Classification
Item Number - Author Mark WOM
Class No. 613.042
245 #0 - TITLE STATEMENT
Title Women, health, and healing :
Remainder of title toward a new perspective
260 ## - PUBLICATION, DISTRIBUTION, ETC.
Place of publication, distribution, etc. New York
Name of publisher, distributor, etc. Tavistock Publications
Date of publication, distribution, etc. 1985
300 ## - PHYSICAL DESCRIPTION
Extent (e.g. Volumes, Pages etc.) xi, 317 p .,
650 ## - SUBJECT ADDED ENTRY--TOPICAL TERM
Topical term or geographic name entry element Women
650 ## - SUBJECT ADDED ENTRY--TOPICAL TERM
Topical term or geographic name entry element Health
650 ## - SUBJECT ADDED ENTRY--TOPICAL TERM
Topical term or geographic name entry element Social
700 ## - ADDED ENTRY--PERSONAL NAME
Personal name Lewin, E
Relator term (Role) Editor
700 ## - ADDED ENTRY--PERSONAL NAME
Personal name Olesen,V.
Relator term (Role) Editor
942 ## - Koha item type (Biblio)
Koha item type Books in Stacks (Lending)
Holdings
Lost status Damaged status Collection code Home library Current library Shelving location Date acquired Full call number Accession Number Item type
    Lending WERC Library WERC Library Social Science Cupboard 03/31/2024 613.042 WOM 5418 Books in Stacks (Lending)

© WERC Library